000 02016nam a2200433 c 4500
003 BLK
005 20250218102902.0
008 180409b bul|||||r ||||||| ||bul||
010 _aKNG00136513000
020 _a978-954-28-1017-9
_bиздат.: Ciela Soft and Publ. - на том(т. 7)
040 _aBLK
041 _aBUL
_cBUL
072 7 _2bullib
_aН82
_xЛитературознание Н
080 _aЛитература на отделни езици и езикови семейства
_b821
_x(075.8)
_z821(075.8)
080 _aЛитература на отделни езици и езикови семейства
_b821
_x(092)
_z821(092)
080 _aБиографии
_b929
_x(4-15)
_z929(4-15)
100 1 _aХаджикосев, Симеон Дончев
_eпърви автор
_9363366
139 _aХаджикосев, Симеон Дончев
_bХ 15
245 1 0 _aЗападноевропейска литература
_bЧ. 1 -
_cСимеон Дончев Хаджикосев.
_nЧ. 7
_pДруги големи реалисти от ХІХ век
257 _aBGR
260 София
_c2000 -
300 _c23 см
380 _a82
650 4 _aЗападноевропейска литература - учебници за ВУЗ
_9271046
651 0 _aЗападна Европа
_9243454
653 _aзападноевропейска литература
653 _aистория на литературата
653 _aреализъм
653 _aписатели
653 _aучебници за ВУЗ
659 _aН
760 1 _3- на том(т. 7)
_aХаджикосев, Симеон Дончев
_dCiela Soft and Publ., 2011
_h475 с.
_nИменен показалец
_tЧ. 7 Други големи реалисти от ХІХ век
852 _aЦб 205881
856 4 _qpdf
_u
856 4 _qpdf
_u
942 _cKNG
_n0
944 _aCR
_c27.11.2012
_k30560
_lГеновева Генчева
944 _aED
_c01.12.2012
_k
999 _c130725
_d130725